Ընտիր երկեր / (Record no. 93723)
[ view plain ]
| 000 -LEADER | |
|---|---|
| fixed length control field | 00953nam a2200229 a 4500 |
| 001 - CONTROL NUMBER | |
| control field | 000259526 |
| 003 - CONTROL NUMBER IDENTIFIER | |
| control field | AM-YEHGA |
| 005 - DATE AND TIME OF LATEST TRANSACTION | |
| control field | 20260320095043.0 |
| 008 - FIXED-LENGTH DATA ELEMENTS--GENERAL INFORMATION | |
| fixed length control field | 030908s1957 ai r 000 0 arm d |
| 040 ## - CATALOGING SOURCE | |
| Original cataloging agency | AM-YeHGA |
| 041 0# - LANGUAGE CODE | |
| Language code of text/sound track or separate title | arm |
| 100 1# - MAIN ENTRY--PERSONAL NAME | |
| Personal name | Սիամանթո, |
| Dates associated with a name | 1878-1915 |
| 9 (RLIN) | 762 |
| 245 10 - TITLE STATEMENT | |
| Title | Ընտիր երկեր / |
| Statement of responsibility, etc. | Սիամանթո ; Կազմ.՝ Ս. Սարգսյան ; Առաջաբ. հեղ.՝ Ե. Պետրոսյան ; Խմբ.՝ Ս. Տարոնցի. |
| 260 ## - PUBLICATION, DISTRIBUTION, ETC. | |
| Place of publication, distribution, etc. | Երևան : |
| Name of publisher, distributor, etc. | Հայպետհրատ, |
| Date of publication, distribution, etc. | 1957. |
| 300 ## - PHYSICAL DESCRIPTION | |
| Extent | 252 էջ ; |
| Dimensions | 20 սմ. |
| 500 ## - GENERAL NOTE | |
| General note | Տողատակի ծանոթագր. |
| 650 14 - SUBJECT ADDED ENTRY--TOPICAL TERM | |
| Topical term or geographic name entry element | Արևմտահայ գրականություն |
| 700 1# - ADDED ENTRY--PERSONAL NAME | |
| Personal name | Սարգսյան, Սերոբ Հակոբի, |
| Dates associated with a name | 1927-1990 |
| Relator term | կազմ. |
| Relationship | com |
| 9 (RLIN) | 2785 |
| 700 1# - ADDED ENTRY--PERSONAL NAME | |
| Personal name | Պետրոսյան, Եղիշե Մանուկի, |
| Dates associated with a name | 1912-1982 |
| Relator term | առաջաբ. |
| Relationship | aui |
| 9 (RLIN) | 1402 |
| 700 1# - ADDED ENTRY--PERSONAL NAME | |
| Personal name | Տարոնցի, Սողոմոն, |
| Dates associated with a name | 1905-1971 |
| Relator term | խմբ. |
| Relationship | edt |
| 9 (RLIN) | 1707 |
| 942 ## - ADDED ENTRY ELEMENTS (KOHA) | |
| Source of classification or shelving scheme | Universal Decimal Classification |
| Koha item type | Գրքեր / Books |
| Withdrawn status | Lost status | Damaged status | Not for loan | Collection | Home library | Current library | Date acquired | Total checkouts | Full call number | Barcode | Date last seen | Price effective from | Koha item type | Public note | Source of classification or shelving scheme |
|---|---|---|---|---|---|---|---|---|---|---|---|---|---|---|---|
| General | Fundamental Scientific Library | Fundamental Scientific Library | 22/12/2016 | AII/29676 | 220029676 | 22/12/2016 | 22/12/2016 | Գրքեր / Books | 30 Days Loan | ||||||
| General | Fundamental Scientific Library | Fundamental Scientific Library | 22/12/2016 | AII/29677 | 220029677 | 22/12/2016 | 22/12/2016 | Գրքեր / Books | 30 Days Loan | ||||||
| General | Fundamental Scientific Library | Fundamental Scientific Library | 22/12/2016 | AII/29678 | 220029678 | 22/12/2016 | 22/12/2016 | Գրքեր / Books | 30 Days Loan | ||||||
| General | Fundamental Scientific Library | Fundamental Scientific Library | 22/12/2016 | AII/29679 | 220029679 | 22/12/2016 | 22/12/2016 | Գրքեր / Books | 30 Days Loan | ||||||
| General | Fundamental Scientific Library | Fundamental Scientific Library | 22/12/2016 | AII/51209 | 220051209 | 22/12/2016 | 22/12/2016 | Գրքեր / Books | 30 Days Loan | ||||||
| Hovhannisian Individual Collection | Fundamental Scientific Library | Fundamental Scientific Library | 27/06/2018 | Հովհ/2287 | FL0508088 | 27/06/2018 | 27/06/2018 | Գրքեր / Books | ILL Non-Circ. | Universal Decimal Classification | |||||
| General | Fundamental Scientific Library | Fundamental Scientific Library | 29/05/2019 | AII/104819 | FL0582105 | 29/05/2019 | 29/05/2019 | Գրքեր / Books | 30 Days Loan | Universal Decimal Classification | |||||
| Kusikian Individual Collection | Fundamental Scientific Library | Fundamental Scientific Library | 31/03/2021 | Կուս/2646 | FL0638852 | 31/03/2021 | 31/03/2021 | Գրքեր / Books | ILL Non Circ | Universal Decimal Classification | |||||
| Gharibyan individual Collection | Fundamental Scientific Library | Fundamental Scientific Library | 20/03/2026 | Ղար/511 | FL0698528 | 20/03/2026 | 20/03/2026 | Գրքեր / Books | ILL Non Circ. | Universal Decimal Classification |
ՀՀ Գիտությունների ազգային ակադեմիայի հիմնարար գիտական գրադարան = Fundamental Scientific Library of NAS RA
All site content, except where otherwise noted, is licensed under a